000 00685nam a22002057a 4500
005 20251108172917.0
008 250721s9999 xx 000 0 ara d
082 1 4 _aط/ 920.72/محم
100 1 _aمحمد، عبدو
245 1 0 _aاعتماد الرميكية /
264 1 _aحلب :
_bدار ربيع،
_c[19-].
300 _a16ص.
490 0 _aشمس الهدى و ا لإيمان : نساء من التاريخ العربي و الإسلامي
_v15
650 1 7 _aالتراجم
650 1 7 _aالمرأة
650 1 7 _aبنو عباد (إشبيلية) 1091-1023
653 _aأطفال مرحلة متوسطة (6-9 سنوات)
942 _2ddc
_cBK
999 _c91583
_d91583